Statistics for Biggest Cities of Germany in 1700 AD

Click here to take the quiz!

General Stats

  • This quiz has been taken 327 times
  • The average score is 15 of 20

Answer Stats

PopulationCitiesPart of...% Correct
30,000BerlinBrandenburg
98%
114,000Wien (Vienna)Austria
98%
24,000MunichBavaria
96%
39,000CologneCologne
92%
70,000HamburgHamburg
92%
22,000DresdenSaxony
91%
39,000PragueBohemia
89%
28,000Frankfurt am MainFrankfurt
86%
65,000BrusselsBrabant
84%
66,000AntwerpBrabant
78%
27,000BremenBremen
77%
35,000NurembergNuremberg
75%
52,000Gent (Ghent)Flanders
70%
40,000Breslau (Wrocław)Silesia
63%
36,000BrugesFlanders
59%
23,000LübeckLübeck
58%
26,000AugsburgAugsburg
50%
20,000MainzMainz
49%
45,000Lüttich (Liège)Lüttich
47%
20,000RegensburgRegensburg
39%

Score Distribution

Percentile by Number Answered

Percent of People with Each Score

Your Score History

You have not taken this quiz